Los que mandan y los que obedecen : planteamientos sobre el papel de la autoridad y de la disciplina escolar dentro de una educación en derechos humanos /

Estudio teórico con el fin de conciliar los conceptos de autoridad y disciplina con una educación en derechos humanos. El autor analiza el papel que dichos conceptos deben cumplir dentro de una educación en derechos humanos, como así también formula propuestas para incorporarlos. Tras un capítulo in...

Full description

Bibliographic Details
Main Author: Espinosa Moncloa, Gustavo Oscar
Format: Libro
Language:Spanish
Published: Lima Instituto Peruano de Educación en Derechos Humanos y la Paz 1993
Edition:1a. ed.
Subjects:

MARC

LEADER 00000cam a2200000 a 4500
001 015461
003 UAHC_CL
005 20170803121246.0
008 090909s1993 pe 000 spa
040 |a UAHC_CL  |c UAHC_CL  |d UAHC_CL 
082 0 4 |a 371.5  |b E77  |2 20 
100 1 |a Espinosa Moncloa, Gustavo Oscar 
245 1 4 |a Los que mandan y los que obedecen :  |b planteamientos sobre el papel de la autoridad y de la disciplina escolar dentro de una educación en derechos humanos /  |c Gustavo îscar Espinoza Moncloa. 
250 |a 1a. ed. 
260 |b Instituto Peruano de Educación en Derechos Humanos y la Paz  |a Lima  |c 1993 
300 |a 151 p. 
520 |a Estudio teórico con el fin de conciliar los conceptos de autoridad y disciplina con una educación en derechos humanos. El autor analiza el papel que dichos conceptos deben cumplir dentro de una educación en derechos humanos, como así también formula propuestas para incorporarlos. Tras un capítulo introductorio donde se analizan la naturaleza de la disciplina y autoridad, se expone una aproximación alternativa, integrando al alumno a la actividad escolar e incentivándolo para que su aprendizaje sea más efectivo. 
650 4 |a DERECHOS HUMANOS  |x ENSEÑANZA  |z AMERICA LATINA 
650 4 |a DISCIPLINA ESCOLAR  |z AMERICA LATINA 
653 |a PEDAGOGIA EN EDUCACION BASICA 
900 |a 371.5 ESP 
942 |c BK 
952 |0 0  |1 0  |4 0  |6 371_500000000000000_ESP  |7 0  |8 General  |9 30873  |a BC  |b BC  |c General  |d 2017-08-03  |o 371.5 ESP  |p 1373656  |r 2026-01-13 00:00:00  |t 1  |w 2017-08-03  |y BK 
999 |c 15461  |d 15461